Introducción a la sociología

Saved in:
Bibliografiske detaljer
Hovedforfatter: Sprott, Walter John Herbert (Author)
Format: Bog
Sprog:spansk
Udgivet: Ciudad de México Fondo de Cultura Económica 1964
Serier:Colección popular, 52
Fag:
Tags: Tilføj Tag
Ingen Tags, Vær først til at tagge denne postø!

MARC

LEADER 00000nam a2200000 a 4500
001 UCW4502
003 CL-VaPUC
008 900424e19640000MX |||||||||||||||||spa|d
082 0 4 |a 301  |b SPR  |2 21 
100 0 |a Sprott, Walter John Herbert  |e author  |9 309269 
245 1 0 |a Introducción a la sociología 
300 |a 252 p 
942 |c BK 
945 |d 19900424 00:00:00 
260 |a Ciudad de México  |b Fondo de Cultura Económica  |c 1964 
650 0 |a Sociología   |9 255410 
583 |a last modification  |c 19900424 00:00:00  |k Rodrigo Vera 
490 0 |a Colección popular, 52 
999 |c 218225  |d 218223 
952 |0 0  |1 0  |4 0  |6 301_000000000000000_SPR_1964  |7 0  |8 A  |9 207353  |a BIBEDU  |b BIBEDU  |d 2019-11-15  |i 2751313  |o 301 SPR 1964  |p 2751313  |r 2019-11-15  |w 2019-11-15  |y BK  |k EDU 
952 |0 0  |1 0  |4 0  |6 301_000000000000000_SPR_1964  |7 0  |8 A  |9 207354  |a BIBEDU  |b BIBEDU  |d 2019-11-15  |i 1516191  |o 301 SPR 1964  |p 1516191  |r 2019-11-15  |w 2019-11-15  |y BK  |k EDU 
952 |0 0  |1 0  |4 0  |6 301_000000000000000_SPR_1964  |7 0  |8 P  |9 207355  |a BIBGIM  |b BIBGIM  |d 2019-11-15  |i 3370844  |o 301 SPR 1964  |p 3370844  |r 2025-01-15  |w 2019-11-15  |y BK  |k GIM